Pagtuturo at pagtataya sa pakikinig at pagsasalita / (Record no. 7483)

MARC details
000 -LEADER
fixed length control field 00959nam a2200265 i 4500
003 - CONTROL NUMBER IDENTIFIER
control field URS
005 - DATE AND TIME OF LATEST TRANSACTION
control field 20220117150824.0
008 - FIXED-LENGTH DATA ELEMENTS--GENERAL INFORMATION
fixed length control field 190604t2016 ph b 100 0 eng
020 ## - INTERNATIONAL STANDARD BOOK NUMBER
International Standard Book Number 978-971-9676-48-5
040 ## - CATALOGING SOURCE
Language of cataloging eng
Description conventions rda
Transcribing agency URS
043 ## - GEOGRAPHIC AREA CODE
Geographic area code a-ph---
050 14 - LIBRARY OF CONGRESS CALL NUMBER
Classification number PL 5505
Item number T111 2016
100 1# - MAIN ENTRY--PERSONAL NAME
Personal name Tabangcura, Resyjane Minervina P,
Relator term author
245 10 - TITLE STATEMENT
Title Pagtuturo at pagtataya sa pakikinig at pagsasalita /
Statement of responsibility, etc. Resyjane Minervina P. Tabangcura.
264 #1 - PRODUCTION, PUBLICATION, DISTRIBUTION, MANUFACTURE, AND COPYRIGHT NOTICE
Place of production, publication, distribution, manufacture Malabon City :
Name of producer, publisher, distributor, manufacturer Jimczyville Publications,
Date of production, publication, distribution, manufacture, or copyright notice [2016]
264 #4 - PRODUCTION, PUBLICATION, DISTRIBUTION, MANUFACTURE, AND COPYRIGHT NOTICE
Date of production, publication, distribution, manufacture, or copyright notice copyright 2016.
300 ## - PHYSICAL DESCRIPTION
Extent vi, 198 pages :
Other physical details illustrations ;
Dimensions 23 cm
336 ## - CONTENT TYPE
Content type term text
Source rdacontent
337 ## - MEDIA TYPE
Media type term unmediated
Source rdamedia
338 ## - CARRIER TYPE
Carrier type term volume
Source rdacarrier
504 ## - BIBLIOGRAPHY, ETC. NOTE
Bibliography, etc. note Includes bibliographical references.
524 ## - PREFERRED CITATION OF DESCRIBED MATERIALS NOTE
Preferred citation of described materials note Tabangcura, R. M. P. (2016). Pagtuturo at pagtataya sa pagbasa at pagsulat. Malabon City : Jimczyville Publications.
650 #0 - SUBJECT ADDED ENTRY--TOPICAL TERM
Topical term or geographic name entry element Filipino language
General subdivision Study and teaching
942 ## - ADDED ENTRY ELEMENTS (KOHA)
Source of classification or shelving scheme Library of Congress Classification
Koha item type Filipiniana
Holdings
Withdrawn status Source of classification or shelving scheme Damaged status Not for loan Collection code Home library Current library Shelving location Date acquired Total Checkouts Full call number Barcode Date last seen Price effective from Koha item type
  Library of Congress Classification     Non-fiction Tanay College Library Tanay College Library Reserve Section 06/10/2019   PL 5505 T111 2016 URSTAN-N2736 07/02/2019 06/10/2019 Filipiniana

University of Rizal System
Email us at univlibservices@urs.edu.ph

Visit our Website www.urs.edu.ph/library